Statistics for The Smashing Pumpkins- Siamese Dream Quiz

Click here to take the quiz!

General Stats

  • This quiz has been taken 5 times
  • The average score is 8 of 14

Answer Stats

No.Answer% Correct
9Mayonnaise
100%
1Cherub Rock
80%
6Disarm
80%
4Hummer
80%
5Rocket
80%
11Silverfuck
80%
8Geek U.S.A.
60%
2Quiet
60%
3Today
60%
10Spaceboy
40%
12Sweet Sweet
40%
13Luna
20%
7Soma
20%
14Pissant (Hikari Express)
0%

Score Distribution

Percentile by Number Answered

Percent of People with Each Score

Your Score History

You have not taken this quiz